000 00345nam a2200133Ia 4500
008 240624s9999 xx 000 0 und d
041 _aeng
082 _a658.4063 BES
100 _aBESSANT JOHN
245 _aHIGH INVOLVEMENT INNOVATION BUILDING AND
260 _c2003
_aEngland
_bJohn Wiley
300 _ax, : 246 : p. : cm. ; 24
365 _cRS
999 _c24060
_d24060